| 000 | 02762namaa2200529uu 4500 | ||
|---|---|---|---|
| 001 | doab134130 | ||
| 003 | oapen | ||
| 005 | 20260218110428.0 | ||
| 006 | m o d | ||
| 007 | cr|mn|---annan | ||
| 008 | 240215s2024 xx |||||o ||| 0|eng d | ||
| 020 | _a9789463728485 | ||
| 020 | _a9789463728485 | ||
| 024 | 7 |
_a10.5117/9789463728485 _2doi |
|
| 040 |
_aoapen _coapen _d |
||
| 041 | 0 | _aeng | |
| 042 | _adc | ||
| 720 | 1 |
_aJarke, Juliane _4edt |
|
| 245 | 0 | 0 |
_aAlgorithmic Regimes _bMethods, Interactions, and Politics |
| 260 |
_aAmsterdam _bAmsterdam University Press _c2024 |
||
| 300 | _a1 online resource (348 p.) | ||
| 336 |
_atext _btxt _2rdacontent |
||
| 337 |
_acomputer _bc _2rdamedia |
||
| 338 |
_aonline resource _bcr _2rdacarrier |
||
| 490 | 1 | _aDigital Studies | |
| 506 | 0 |
_fUnrestricted online access _2star |
|
| 520 | _aAlgorithms have risen to become one, if not the central technology for producing, circulating, and evaluating knowledge in multiple societal arenas. In this book, scholars from the social sciences, humanities, and computer science argue that this shift has, and will continue to have, profound implications for how knowledge is produced and what and whose knowledge is valued and deemed valid. To attend to this fundamental change, the authors propose the concept of algorithmic regimes and demonstrate how they transform the epistemological, methodological, and political foundations of knowledge production, sensemaking, and decision-making in contemporary societies. Across sixteen chapters, the volume offers a diverse collection of contributions along three perspectives on algorithmic regimes: the methods necessary to research and design algorithmic regimes, the ways in which algorithmic regimes reconfigure sociotechnical interactions, and the politics engrained in algorithmic regimes. | ||
| 540 |
_aCreative Commons _fhttps://creativecommons.org/licenses/by-nc-nd/4.0/ _2cc _uhttps://creativecommons.org/licenses/by-nc-nd/4.0/ |
||
| 546 | _aEnglish | ||
| 650 | 7 |
_aAlgorithms and data structures _2bicssc |
|
| 650 | 7 |
_aData mining _2bicssc |
|
| 650 | 7 |
_aMedia studies _2bicssc |
|
| 720 | 1 |
_aArnold, Maike _4edt |
|
| 720 | 1 |
_aArnold, Maike _4oth |
|
| 720 | 1 |
_aBoeva, Yana _4edt |
|
| 720 | 1 |
_aBoeva, Yana _4oth |
|
| 720 | 1 |
_aEgbert, Simon _4edt |
|
| 720 | 1 |
_aEgbert, Simon _4oth |
|
| 720 | 1 |
_aHeuer, Hendrik _4edt |
|
| 720 | 1 |
_aHeuer, Hendrik _4oth |
|
| 720 | 1 |
_aJarke, Juliane _4oth |
|
| 720 | 1 |
_aPrietl, Bianca _4edt |
|
| 720 | 1 |
_aPrietl, Bianca _4oth |
|
| 793 | 0 | _aDOAB Library. | |
| 856 |
_uhttps://docs.google.com/spreadsheets/d/1yKIrdCPDAG_9c22mwoOIO2DOhtj65Wqa/edit?usp=sharing&ouid=106555315294820607512&rtpof=true&sd=true _yList of Curated E-Books |
||
| 942 | _cE-BOOK | ||
| 999 |
_c80948 _d80947 |
||